• 首页
  • 本馆介绍
  • 公告通知
  • 最新文献
  • 馆藏检索
  • 电子资源
  • 读者导购
  • 参考咨询
  • 我的图书馆
  • 登录
  • 详细信息显示
  • 放入我的书架
  • 预约/预借图书
  • 作者相关作品
  • 分类相关作品
  • 丛书相关作品
  • 出版社相关作品

书目信息

  • 表格格式
  • 工作单格式
  • 卡片格式
题名:
广雅疏证
    
 
作者: 王念孙 撰
分册:  
出版信息: 南京   江苏古籍出版社  1984
页数: 439,87页
开本: 25cm
丛书名: 高邮王氏四种之一
单 册:
中图分类: H131.4
科图分类:
主题词:
电子资源:
ISBN:
000 00810nam2 2200277 45
001 0184003327
005 20050428142758.9
010    @dCNY6.50
091    @a9354.001
100    @a19950120d1984 emky0chiy0121 ea
101 0  @achi
102    @aCN@b320000
105    @ay z 000yy
200 10 @a广雅疏证@Aguang ya shu zheng@f(清)王念孙撰@F(Qing)Wang Nian Sun Zhuan
205    @a影印本
210    @a南京@c江苏古籍出版社@d1984
215    @a439,87页@d25cm
225    @a高邮王氏四种之一@f中国训诂学研究会主编
410    @12001 @a高邮王氏四种之一
410    @1700 0@a中国训诂学研究会@AZhong Guo Xun Gu Xue Yan Jiu Hui@4主编
605    @a《广雅》
690    @aH131.4@v3
701  0 @a王念孙@4撰
801  0 @aCN@b上海图书馆@c20040420
801  2 @aCN@bNLC@c20040420
905    @dH131.4@e57@f2@b115870-871
    
    广雅疏证/(清)王念孙撰.-影印本.-南京:江苏古籍出版社,1984
    439,87页;25cm.-(高邮王氏四种之一/中国训诂学研究会主编)
    
    
    ISBN :CNY6.50
    
●
相关链接 在E读中查询图书 在五车中查询图书 在当当中查询图书 在豆瓣中查询图书


正题名:广雅疏证     索取号:H131.4/57         预约/预借

序号 登录号 条形码 馆藏地/架位号 状态 备注
1 0115868   000839659   第四借阅区/ [索取号:H131.4/57] 在馆    
2 0115869   001970861   第四借阅区/ [索取号:H131.4/57] 在馆    
3 0115870   001560297   密集书库/ [索取号:H131.4/57] 在馆    
4 0115871   001560313   密集书库/ [索取号:H131.4/57] 在馆    
5 0115872   001560322   第二样本阅览室/ [索取号:H131.4/57] 在馆    
唐山师范学院图书馆 欢迎您!
大连网信软件有限公司© 版权所有